Rainbow watchers / (Record no. 3534)

MARC details
000 -LEADER
fixed length control field 00825nam a22002417a 4500
001 - CONTROL NUMBER
control field 3534
003 - CONTROL NUMBER IDENTIFIER
control field FISKH
005 - DATE AND TIME OF LATEST TRANSACTION
control field 20240318091207.0
008 - FIXED-LENGTH DATA ELEMENTS--GENERAL INFORMATION
fixed length control field 240318b cb ||||| |||| 00| 0 eng d
040 ## - CATALOGING SOURCE
Original cataloging agency FISK
Language of cataloging eng
Transcribing agency FISK
Modifying agency FISK
050 ## - LIBRARY OF CONGRESS CALL NUMBER
Classification number PZ7.H38586
082 ## - DEWEY DECIMAL CLASSIFICATION NUMBER
Classification number 823.914
100 ## - MAIN ENTRY--PERSONAL NAME
Personal name Hendry Diana
Dates associated with a name 1941-
245 ## - TITLE STATEMENT
Title Rainbow watchers /
Statement of responsibility, etc. Diana Hendry
260 ## - PUBLICATION, DISTRIBUTION, ETC.
Place of publication, distribution, etc. Great Britain :
Name of publisher, distributor, etc. Julia MacRae Books,
Date of publication, distribution, etc. 1989
300 ## - PHYSICAL DESCRIPTION
Extent 44 pages :
Other physical details illustrations,
Dimensions 21 cm
505 ## - FORMATTED CONTENTS NOTE
Formatted contents note K
520 ## - SUMMARY, ETC.
Summary, etc. Having just moved to the city from a country cottage, Hannah feels unsettled until she meets Eliza and Jenny and becomes a rainbow watcher for Mrs. Middlesome-Merry, a local artist who paints only flowers.
521 8# - TARGET AUDIENCE NOTE
Target audience note estimates
Source Lexiles
700 ## - ADDED ENTRY--PERSONAL NAME
Personal name Diana Hendry
942 ## - ADDED ENTRY ELEMENTS (KOHA)
Source of classification or shelving scheme Dewey Decimal Classification
Koha item type Books
Suppress in OPAC No
Holdings
Withdrawn status Lost status Source of classification or shelving scheme Damaged status Not for loan Collection Home library Current library Shelving location Date acquired Total Checkouts Full call number Barcode Date last seen Copy number Price effective from Koha item type
    Dewey Decimal Classification     Fiction Footprints International School Library Network Toul Kork Campus Footprints International School Library Network Toul Kork Campus   03/18/2024   HEN PZ7.H38586 823.914 2024-0353 03/18/2024 1 03/18/2024 Books